Eighty more stories / (Record no. 7238)
[ view plain ]
| 000 -LEADER | |
|---|---|
| fixed length control field | 00312cam a2200133ua 4500 |
| 041 ## - LANGUAGE CODE | |
| Language code of text/sound track or separate title | eng |
| 082 ## - DEWEY DECIMAL CLASSIFICATION NUMBER | |
| Classification number | 823.301 |
| Item number | MAN/EI |
| 100 ## - MAIN ENTRY--AUTHOR NAME | |
| Personal name | Manipassant, Guijde . |
| 245 ## - TITLE STATEMENT | |
| Title | Eighty more stories / |
| 300 ## - PHYSICAL DESCRIPTION | |
| Number of Pages | 795 ; . |
| 942 ## - ADDED ENTRY ELEMENTS (KOHA) | |
| Koha item type | Books |
| Withdrawn status | Lost status | Damaged status | Home library | Current library | Date acquired | Full call number | Accession Number | Koha item type |
|---|---|---|---|---|---|---|---|---|
| Withdrawn | KAUAET | Sanskrit University | 07/04/2012 | 823.301 MAN/EI | 4585 | Books |
